| 000 | 00736nab a2200229 4500 | ||
|---|---|---|---|
| 003 | BR-BrBNA | ||
| 005 | 20250227125316.0 | ||
| 008 | 250227b bl.||||| |||| 00| 0 por d | ||
| 040 |
_aBR-BrBNA _bpor |
||
| 072 |
_aF01 ; Q02 ; E71 _b9924 |
||
| 100 | _aAndrade, Lívia | ||
| 245 |
_aO bilionário mundo da tequila _bEstilo no Campo |
||
| 500 | _a4 illus. | ||
| 650 | _aTEQUILA | ||
| 650 | _aBEBIDA ALCOÓLICA | ||
| 650 | _aAGAVE | ||
| 650 | _aMÉXICO | ||
| 650 | _aEXPORTAÇÃO | ||
| 773 | 0 |
_01706 _9347824 _dSão Paulo-SP Editora Três Ltda - E-mail: luizfsa@revistadinheiro.com.br 2004 _o2025-0325 _tDinheiro Rural (Brazil) _x1807-3700 _gv. 2(10) p. 74-75; (Aug 2005) _wBR2025000037 |
|
| 942 | _cANA | ||
| 999 |
_c330185 _d330185 |
||